Lo que el cuerpo sabe (Record no. 680)

MARC details
000 -CABECERA
campo de control de longitud fija 02302nam a22002894c 4500
003 - IDENTIFICADOR DE NUMERO DE CONTROL
campo de control AR-BaSMT
008 - CAMPOS DE LONGITUD FIJA
campo de control de longitud fija 240614t2026 agad||gr|||| 001 0 spa d
020 ## - ISBN: Indicadores indefinidos
Número ISBN 9786316843005
040 ## - FUENTE DE CATALOGACION
Agencia de catalogación original BSGB
Idioma de catalogación español
Convenciones de la descripción rda
041 0# - CODIGO DE IDIOMA
Código idioma spa
Idioma original español
080 ## - CDU
CDU completo 614
100 1# - PUNTO DE ACCESO PRINCIPAL
Nombre de persona Arrieta, Ezequiel Martín
Enlace autoridades 504
245 10 - MENCION DE TITULO
Título Lo que el cuerpo sabe
Subtítulo : Cómo sentirte bien (casi) todo el tiempo
250 ## - MENCION DE EDICION
Mención de edición primera edición
264 #1 - PRODUCCIÓN, PUBLICACIÓN, DISTRIBUCIÓN, ETC.
Lugar de publicación, etc. Buenos Aires:
Nombre editor. El Gato y La Caja,
Fecha 2026.
300 ## - DESCRIPCION FISICA
Extensión 296 páginas, Ilustraciones a color.
336 ## - TIPO DE CONTENIDO
texto Texto
337 ## - TIPO DE MEDIO
sin mediación Sin mediación
338 ## - TIPO DE SOPORTE
volumen Volúmen
505 ## - NOTA DE CONTENIDO CON FORMATO
Volcar toda la info, nivel básico, Indicadores 8 y # Indice:<br/>Cuerpos -- 8<br/>Estrés -- 58<br/>Descanso -- 116<br/>Alimentación -- 174<br/>Movimiento -- 236
520 1# - NOTA DE SUMARIO, RESUMEN, ETC.
Toda la nota ¿Qué nos pide nuestro cuerpo para estar saludable? ¿Podemos darle lo que necesita? El médico y doctor en biología Ezequiel Arrieta aborda los cuatro pilares de la salud —alimentación, descanso, manejo del estrés y movimiento— en un libro con herramientas para entendernos y sentirnos mejor.<br/>Lejos de la segmentación que ofrece el sistema médico y sus especialidades —corazones por acá, piernas por allá, estómagos que no hablan con sus cerebros y cerebros que no leen bien su entorno—, este libro propone que volvamos a armar aquello que pasamos siglos despedazando: el cuerpo humano.<br/>Arrieta toma dos disciplinas basadas en evidencia —la medicina evolutiva y la medicina del estilo de vida— para ayudarnos a entender por qué nos sentimos mal en nuestros cuerpos, por qué no tiene sentido culparnos y, mejor aún, qué podemos hacer para cambiarlo. Son herramientas accesibles, de bajo costo y alto impacto. Estrés, descanso, comida y movimiento, las claves están ahí.<br/>Porque cuando aceptamos el cuerpo como uno solo, con todos sus sistemas relacionados, y aprendemos la historia milenaria que nos forjó, podemos acceder a lo que el cuerpo sabe, lo que ignora, lo que espera, lo que le hicieron creer y lo que todavía podemos enseñarle.<br/>Esta es una invitación a empezar por lo que tenés a mano. No para sentirte bien todo el tiempo porque eso es imposible. Pero casi.
521 ## - NOTA DE PÚBLICO DESTINATARIO
Nota de audiencia Público general
530 ## - NOTA DE FORMATO FISICO ADICIONAL DISPONIBLE
Texto de la nota Disponible gratuitamente online
650 #4 - PUNTO DE ACCESO ADICIONAL DE MATERIA – TÉRMINO TEMÁTICO
Enlace autoridades 62
Término de materia o nombre geográfico como elemento de entrada CIENCIA
Subdivisión general Medicina
942 ## - ELEMENTOS AGREGADOS (KOHA)
CDU Clasificación decimal universal
Tipo de ítem Libros
Holdings
Disponible Perdido Fuente de clasificación Estado Ubicación permanente Locación actual Estante o sala Fuente de adquisición Número de inventario Total préstamos Signatura topográfica Código de barras Numero de ejemplar Tipo de item de Koha Calificador de localización códificado
    Clasificación Decimal Dewey   Biblioteca Susana G. De Batemarco Biblioteca Susana G. De Batemarco Ciencias Naturales Compra feria del libro 2026 001046   614 ARR 001046 1 Libros  

Powered by Koha